Basic ship theory / (Record no. 2838)

000 -LEADER
fixed length control field 00771nam a2200253 4500
006 - FIXED-LENGTH DATA ELEMENTS--ADDITIONAL MATERIAL CHARACTERISTICS--GENERAL INFORMATION
fixed length control field a||||go||d| 00| 0
007 - PHYSICAL DESCRIPTION FIXED FIELD--GENERAL INFORMATION
fixed length control field cr |||||||||||
008 - FIXED-LENGTH DATA ELEMENTS--GENERAL INFORMATION
fixed length control field 861201s2001 enka o 001 0 eng d
020 ## - INTERNATIONAL STANDARD BOOK NUMBER
International Standard Book Number 9780750653985
Terms of availability (ebook)
040 ## - CATALOGING SOURCE
Original cataloging agency IMU Kochi Library
Language of cataloging eng
082 00 - DEWEY DECIMAL CLASSIFICATION NUMBER
Classification number 623.81
Edition number 21
Item number R1998
100 1# - MAIN ENTRY--PERSONAL NAME
Personal name Rawson, K. J.
245 10 - TITLE STATEMENT
Title Basic ship theory /
250 ## - EDITION STATEMENT
Edition statement 5th ed. [combined volume]
260 ## - PUBLICATION, DISTRIBUTION, ETC. (IMPRINT)
Place of publication, distribution, etc Boston :
Name of publisher, distributor, etc Butterworth-Heinemann,
Date of publication, distribution, etc 2001.
300 ## - PHYSICAL DESCRIPTION
Extent 1 online resource
504 ## - BIBLIOGRAPHY, ETC. NOTE
Bibliography, etc Includes bibliographical references (p. 705-708) and index.
650 #0 - SUBJECT ADDED ENTRY--TOPICAL TERM
Topical term or geographic name as entry element Naval architecture.
700 1# - ADDED ENTRY--PERSONAL NAME
Personal name Tupper, E. C.
Relator term Joint Author
852 ## - LOCATION/CALL NUMBER
Location IMU Kochi Library
856 40 - ELECTRONIC LOCATION AND ACCESS
Uniform Resource Identifier <a href="https://www.sciencedirect.com/science/book/9780750653985">https://www.sciencedirect.com/science/book/9780750653985</a>
904 ## - LOCAL DATA ELEMENT D, LDD (RLIN)
CATALOGER Akhil Bose
942 ## - ADDED ENTRY ELEMENTS (KOHA)
Item type E-Book
Holdings
Withdrawn status Lost status Source of classification or shelving scheme Damaged status Not for loan Collection code Permanent location Current location Shelving location Date acquired Source of acquisition Full call number Barcode Date last seen Koha item type Public note
          Nautical Science IMU Kochi Library IMU Kochi Library General Stacks 2025-03-07 Old used books of students received from the IMU stores (MIS Note - 2024-25, No.11 with Ann. I & II) 623.81 G0323 2025-03-21 Gratis Books Gen. Shelf-13, Row-1


Copyright © All Rights Reserved by Indian Maritime University, Kochi Campus.
For any Suggestions/Query Contact to library or Email: library.kochi@imu.ac.in Ph:(0484)-2989402
(Web OPAC Designed by Rudra Ranjan. Maintained by IMU Kochi Library)

Powered by Koha